书目信息 |
| 题名: |
发展方程数值计算方法
|
|
| 作者: | 黄明游 编著 ;杨乐 主编 | |
| 分册: | ||
| 出版信息: | 北京 科学出版社 2004.6 |
|
| 页数: | 151页 | |
| 开本: | 24cm | |
| 丛书名: | 现代数学基础丛书 | |
| 单 册: | ||
| 中图分类: | O175.26 | |
| 科图分类: | ||
| 主题词: | 数值计算 , 计算方法 , 发展方程--数值计算--计算方法 | |
| 电子资源: | ||
| ISBN: | 7-03-012957-1 | |
| 000 | 00797nam2 2200277 45 | |
| 001 | 012004000000 | |
| 005 | 20061123100018.50 | |
| 010 | @a7-03-012957-1@dCNY 25.00 | |
| 100 | @a20041210d2004 em y0chiy0121 ea | |
| 101 | 0 | @achi |
| 102 | @aCN@b110000 | |
| 105 | @ay z 000yy | |
| 200 | 1 | @a发展方程数值计算方法@Afa zhan fang cheng shu zhi ji suan fang fa@f黄明游编著 |
| 210 | @a北京@c科学出版社@d2004.6 | |
| 215 | @a151页@d24cm | |
| 225 | 2 | @a现代数学基础丛书@v91@f杨乐主编 |
| 320 | @a附参考文献 | |
| 410 | 0 | @12001 @a现代数学基础丛书 |
| 606 | 0 | @a数值计算 |
| 606 | 0 | @a计算方法 |
| 606 | 0 | @a发展方程@x数值计算@x计算方法 |
| 690 | @aO175.26@v4 | |
| 701 | 0 | @a黄明游@Ahuang ming you@4编著 |
| 702 | 0 | @a杨乐@Ayang le@4主编 |
| 801 | 0 | @aCN@c20061123 |
| 905 | @a10447@dO175.26@eH860 | |
| 发展方程数值计算方法/黄明游编著.-北京:科学出版社,2004.6 |
| 151页;24cm.-(现代数学基础丛书;91/杨乐主编) |
| ISBN 7-03-012957-1:CNY 25.00 |
| ● |
| 相关链接 |
|
|
|
正题名:发展方程数值计算方法
索取号:O175.26/H860
 
预约/预借
| 序号 | 登录号 | 条形码 | 馆藏地/架位号 | 状态 | 备注 |
| 1 | 434428 | 204344281 | 自科二线504/504自科库 48排2列2层/ [索取号:O175.26/H860] | 在馆 | |
| 2 | 434429 | 204344290 | 自科二线504/504自科库 48排2列4层/ [索取号:O175.26/H860] | 在馆 | |
| 3 | 434430 | 204344307 | 自科二线504/504自科库 48排2列4层/ [索取号:O175.26/H860] | 在馆 | |
| 4 | 614618 | 206146188 | 自科二线504/504自科库 48排2列4层/ [索取号:O175.26/H860] | 在馆 | |
| 5 | 614619 | 206146197 | 自科库401/401自科库 45排4列3层/ [索取号:O175.26/H860] | 在馆 | |
| 6 | 614620 | 206146204 | 自科库401/401自科库 45排4列3层/ [索取号:O175.26/H860] | 在馆 | |
| 7 | 614621 | 206146213 | 自科库401/401自科库 45排4列3层/ [索取号:O175.26/H860] | 在馆 | |
| 8 | 614622 | 206146222 | 自科库401/401自科库 45排4列3层/ [索取号:O175.26/H860] | 在馆 |